[Event "Bohumin op-B 7th"]
[Site "Bohumin"]
[Date "2024.07.05"]
[Round "8"]
[White "Maroszczyk, Wieslaw"]
[Black "Boff, Vojtech"]
[Result "1-0"]
[WhiteElo "1853"]
[BlackElo "1619"]
[PlyCount "127"]
[EventDate "2024.06.29"]
[EventType "swiss"]
[EventRounds "9"]
[EventCountry "CZE"]
[SourceTitle "CBM 221 Extra"]
[Source "ChessBase"]
[SourceDate "2024.09.30"]
[SourceVersion "1"]
[SourceVersionDate "2024.09.30"]
[SourceQuality "1"]

1. d4 Nf6 2. c4 e6 3. Nc3 Bb4 4. e3 b6 5. Bd3 Bb7 6. Nf3 0-0 7. 0-0 d5 8. a3 Be7 9. cxd5 exd5 10. b4 Nbd7 11. Bb2 Ne4 12. Rc1 Ndf6 13. Ne5 Nxc3 14. Rxc3 Bd6 15. h3 Ne4 16. Rc1 f6 17. Bxe4 fxe5 18. dxe5 dxe4 19. exd6 Qxd6 20. Qg4 Rf7 21. Rfd1 Qg6 22. Qxg6 hxg6 23. Be5 Rc8 24. Rd2 Re7 25. Bf4 c6 26. Rd6 c5 27. bxc5 bxc5 28. Rxg6 Rd7 29. Rd6 Rxd6 30. Bxd6 c4 31. Be5 Bd5 32. Rd1 Bf7 33. Bc3 Be6 34. Rd4 Bf5 35. g4 Bg6 36. Rd7 Bf7 37. Rxa7 Rb8 38. Rc7 Rb3 39. Bb4 Rb2 40. Kg2 Rb3 41. Kg3 Rb2 42. h4 Rb1 43. h5 Rg1+ 44. Kf4 Rf1 45. Kxe4 Rxf2 46. a4 Be6 47. Bc3 Bf7 48. g5 Bxh5 49. Rxg7+ Kf8 50. Rc7 Bg6+ 51. Kd4 Bd3 52. a5 Ra2 53. e4 Re2 54. e5 Rf2 55. Kc5 Rf7 56. Rc8+ Ke7 57. Rc7+ Ke6 58. Rxf7 Kxf7 59. a6 Be4 60. Kxc4 Kg6 61. e6 Bf3 62. Kc5 Be4 63. a7 Bf3 64. Kd6 1-0

[Event "Bohumin op-B 7th"]
[Site "Bohumin"]
[Date "2024.06.30"]
[Round "3"]
[White "Boff, Vojtech"]
[Black "Jurcek, Adrian"]
[Result "1/2-1/2"]
[WhiteElo "1619"]
[BlackElo "1747"]
[PlyCount "37"]
[EventDate "2024.06.29"]
[EventType "swiss"]
[EventRounds "9"]
[EventCountry "CZE"]
[SourceTitle "CBM 221 Extra"]
[Source "ChessBase"]
[SourceDate "2024.09.30"]
[SourceVersion "1"]
[SourceVersionDate "2024.09.30"]
[SourceQuality "1"]

1. d4 Nf6 2. Nf3 d5 3. c4 e6 4. Nc3 c5 5. cxd5 exd5 6. Bg5 Be7 7. dxc5 Be6 8. e3 Nbd7 9. Be2 0-0 10. 0-0 Bxc5 11. h3 h6 12. Bf4 a6 13. Nd4 Qe7 14. Bf3 Nb6 15. Rc1 Rac8 16. Nb3 Bb4 17. Nd4 Rfd8 18. Qd3 Nc4 19. Qe2 1/2-1/2

[Event "Bohumin op-B 7th"]
[Site "Bohumin"]
[Date "2024.06.30"]
[Round "2"]
[White "Szmek, Milan"]
[Black "Boff, Vojtech"]
[Result "1/2-1/2"]
[WhiteElo "1762"]
[BlackElo "1619"]
[PlyCount "42"]
[EventDate "2024.06.29"]
[EventType "swiss"]
[EventRounds "9"]
[EventCountry "CZE"]
[SourceTitle "CBM 221 Extra"]
[Source "ChessBase"]
[SourceDate "2024.09.30"]
[SourceVersion "1"]
[SourceVersionDate "2024.09.30"]
[SourceQuality "1"]

1. d4 Nf6 2. Nf3 e6 3. e3 b6 4. Bd3 Bb7 5. Nbd2 d5 6. Qe2 c5 7. c3 Be7 8. 0-0 0-0 9. e4 dxe4 10. Nxe4 Nbd7 11. Bf4 Nxe4 12. Bxe4 Bxe4 13. Qxe4 Nf6 14. Qe2 cxd4 15. Nxd4 Qd5 16. Rfd1 Qb7 17. Rd3 Rfd8 18. Rad1 Rd7 19. c4 Rad8 20. b3 Qe4 21. Qxe4 Nxe4 1/2-1/2

[Event "Bohumin op-B 6th"]
[Site "Bohumin"]
[Date "2023.07.05"]
[Round "5"]
[White "Boff, Vojtech"]
[Black "Kraus, Frantisek"]
[Result "1/2-1/2"]
[WhiteElo "1465"]
[BlackElo "1854"]
[PlyCount "29"]
[EventDate "2023.07.01"]
[EventType "swiss"]
[EventRounds "9"]
[EventCountry "CZE"]
[SourceTitle "EXT 2024"]
[Source "ChessBase"]
[SourceDate "2023.10.10"]
[SourceVersion "1"]
[SourceVersionDate "2023.10.10"]
[SourceQuality "1"]

1. d4 Nf6 2. c4 g6 3. Nc3 Bg7 4. Nf3 0-0 5. Bf4 d6 6. e3 Nbd7 7. Be2 Re8 8. h3 b6 9. 0-0 Bb7 10. Rc1 e5 11. dxe5 dxe5 12. Bh2 Ne4 13. Nxe4 Bxe4 14. Qd2 Qe7 15. Rfd1 1/2-1/2

[Event "Bohumin op 4th"]
[Site "Bohumin"]
[Date "2021.07.08"]
[Round "6"]
[White "Cubok, Zdenek"]
[Black "Boff, Vojtech"]
[Result "1-0"]
[WhiteElo "1711"]
[BlackElo "1340"]
[PlyCount "69"]
[EventDate "2021.07.03"]
[EventType "swiss"]
[EventRounds "9"]
[EventCountry "CZE"]
[SourceTitle "CBM 203 Extra"]
[Source "ChessBase"]
[SourceDate "2021.09.30"]
[SourceVersion "1"]
[SourceVersionDate "2021.09.30"]
[SourceQuality "1"]

1. d4 d5 2. Nc3 Nf6 3. Bg5 Nbd7 4. Nf3 e6 5. e4 dxe4 6. Nxe4 Be7 7. Nxf6+ Nxf6 8. Bd3 c5 9. Qe2 cxd4 10. 0-0-0 0-0 11. h4 a5 12. Kb1 Qb6 13. Nxd4 h6 14. Bxf6 Bxf6 15. c3 e5 16. Qe4 g6 17. Ne2 Bf5 18. Qf3 Bxd3+ 19. Rxd3 Rad8 20. Rxd8 Rxd8 21. Ng3 Qc6 22. Qxc6 bxc6 23. Kc2 Kf8 24. h5 Bg5 25. Rd1 Rxd1 26. Kxd1 Bf4 27. hxg6 Bxg3 28. fxg3 fxg6 29. b4 axb4 30. cxb4 Ke7 31. a4 Kd6 32. a5 Kc7 33. Kd2 Kb7 34. Ke3 Ka6 35. Ke4 1-0

[Event "Bohumin op 4th"]
[Site "Bohumin"]
[Date "2021.07.04"]
[Round "2"]
[White "Boff, Vojtech"]
[Black "Dobrovolsky, Ladislav"]
[Result "0-1"]
[WhiteElo "1340"]
[BlackElo "2244"]
[PlyCount "98"]
[EventDate "2021.07.03"]
[EventType "swiss"]
[EventRounds "9"]
[EventCountry "CZE"]
[SourceTitle "CBM 203 Extra"]
[Source "ChessBase"]
[SourceDate "2021.09.30"]
[SourceVersion "1"]
[SourceVersionDate "2021.09.30"]
[SourceQuality "1"]

1. d4 Nf6 2. c4 d6 3. Nf3 Nbd7 4. Nc3 e5 5. e4 g6 6. Be2 Bg7 7. 0-0 0-0 8. d5 Nc5 9. Qc2 a5 10. h3 Ne8 11. Be3 f5 12. Bg5 Bf6 13. Bh6 Ng7 14. Be3 b6 15. a3 Nd7 16. b4 f4 17. Bd2 g5 18. Nh2 h5 19. Qd1 Qe8 20. Nb5 Bd8 21. Qb3 Qg6 22. Qc2 Ne8 23. Qd3 Nef6 24. Nc3 g4 25. h4 Rf7 26. g3 f3 27. Bd1 axb4 28. Na4 Qxe4 29. Qxe4 Nxe4 30. Bxb4 Ndf6 31. Re1 Bf5 32. Nc3 Nxc3 33. Bxc3 Bd3 34. Bb3 Nd7 35. Bb4 Bf6 36. Rad1 e4 37. Nf1 Nc5 38. Ba2 Be2 39. Rd2 Nd3 40. Rb1 Bd4 41. Kh2 Bxf2 42. Rc2 Nxb4 43. axb4 Bd4 44. Rd2 Bd3 45. Rbd1 Bc3 46. Rxd3 Rxa2+ 47. R3d2 Bxd2 48. Rxd2 Rxd2+ 49. Nxd2 e3 0-1

[Event "Bohumin op 4th"]
[Site "Bohumin"]
[Date "2021.07.03"]
[Round "1"]
[White "Kubos, Rostislav"]
[Black "Boff, Vojtech"]
[Result "1-0"]
[WhiteElo "2118"]
[BlackElo "1340"]
[PlyCount "69"]
[EventDate "2021.07.03"]
[EventType "swiss"]
[EventRounds "9"]
[EventCountry "CZE"]
[SourceTitle "CBM 203 Extra"]
[Source "ChessBase"]
[SourceDate "2021.09.30"]
[SourceVersion "1"]
[SourceVersionDate "2021.09.30"]
[SourceQuality "1"]

1. c4 c6 2. Nf3 d5 3. e3 Nf6 4. Nc3 e6 5. Qc2 Be7 6. b3 Nbd7 7. Bb2 b6 8. Be2 Bb7 9. Rc1 Rc8 10. 0-0 Nf8 11. d4 Ng6 12. Rfd1 0-0 13. Bd3 Qc7 14. Qe2 Qd7 15. Ne5 Nxe5 16. dxe5 Ne8 17. Qh5 g6 18. Qh3 Ng7 19. cxd5 cxd5 20. Bb5 Bc6 21. Nxd5 Kh8 22. Nxe7 Qxe7 23. Bxc6 Rfd8 24. Qf3 Rxd1+ 25. Qxd1 Rd8 26. Qe1 Nf5 27. Be4 Ng7 28. h3 Ne8 29. a4 Nc7 30. Qc3 Na6 31. Qc4 Nc5 32. Ba3 Qe8 33. Bxc5 bxc5 34. Qxc5 a6 35. Bb7 1-0

[Event "CZE-ch Betsys Online Blitz"]
[Site "Chess.com INT"]
[Date "2021.04.17"]
[Round "2"]
[White "Boff, Vojtech"]
[Black "Burdalev, Kirill"]
[Result "0-1"]
[WhiteElo "1340"]
[BlackElo "2359"]
[PlyCount "78"]
[EventDate "2021.04.17"]
[EventType "swiss (blitz)"]
[EventRounds "13"]
[EventCountry "CZE"]
[SourceTitle "CBM 201 Extra"]
[Source "ChessBase"]
[SourceDate "2021.05.31"]
[SourceVersion "1"]
[SourceVersionDate "2021.05.31"]
[SourceQuality "1"]

1. d4 Nf6 2. c4 c5 3. d5 e6 4. Nc3 exd5 5. cxd5 d6 6. e4 g6 7. Bd3 Bg7 8. Nf3 a6 9. a4 Bg4 10. h3 Bxf3 11. Qxf3 0-0 12. 0-0 Nbd7 13. Be3 Re8 14. Rfe1 Rb8 15. Qd1 Qc7 16. Qd2 c4 17. Bc2 b5 18. axb5 axb5 19. Ra7 Rb7 20. Rea1 b4 21. Rxb7 Qxb7 22. Ra7 bxc3 23. Rxb7 cxd2 24. Bxd2 Nc5 25. Rb6 Nfxe4 26. Be3 Nd3 27. f3 Nec5 28. Bxc5 Nxc5 29. Rxd6 Bxb2 30. Rc6 Re2 31. Be4 Bd4+ 32. Kh1 c3 33. d6 Kg7 34. Rc8 Rxe4 35. fxe4 c2 36. d7 c1Q+ 37. Kh2 Qf4+ 38. g3 Qf2+ 39. Kh1 Qg1# 0-1